=LDR 00000nam 2200000 4500 =001 NUTBA000000000000397 =005 20140321174253.0 =006 =007 =008 =020 ##$$a 978-602-8661-38-6 =035 ##$$a 0010-031400000000396 =040 ##$$b ind =082 ##$$a 616.81 =090 ##$$a 616.81$bRud s =100 ##$$a Rudd, Anthony =245 ##$$a Stroke$canthony Rudd =250 ##$$a Cet.1 =260 ##$$a Jakarta$bPenebar $c2009. =300 ##$$a 251 hlm.$ilus.$c23 cm. =650 ##$$a Stroke =850 ##$$a NBPNMAT =990 ##$$a 21106169 =990 ##$$a 91103/BPAP-NTB/2014 =990 ##$$a 93196/BPAP-NTB/2014